Privatizácia energetiky.
Energetické hospodárstvo - špecifický subjekt národného hospodárstva s dominantným postavením štátu. Transformácia elektrizačnej sústavy na profesné akciové spoločnosti so zastrešením vo forme holdingovej a.s. a holdingovej banky. Potreba novely elektrizačného zákona. Využitie zahraničných úverov.
Na minha lista:
| Autor principal: | |
|---|---|
| Formato: | Capítulo de Livro |
| Idioma: | eslovaco |
| Assuntos: | |
| Tags: |
Sem tags, seja o primeiro a adicionar uma tag!
|
MARC
| LEADER | 00000naa a2200000 4500 | ||
|---|---|---|---|
| 001 | r012428 | ||
| 005 | 20220826095007.8 | ||
| 041 | 0 | |a slo | |
| 044 | |a SK | ||
| 245 | 1 | 0 | |a Privatizácia energetiky. |c F. Čížik |
| 520 | |a Energetické hospodárstvo - špecifický subjekt národného hospodárstva s dominantným postavením štátu. Transformácia elektrizačnej sústavy na profesné akciové spoločnosti so zastrešením vo forme holdingovej a.s. a holdingovej banky. Potreba novely elektrizačného zákona. Využitie zahraničných úverov. | ||
| 610 | 2 | 0 | |a energetika |
| 610 | 2 | 0 | |a sústava energetická |
| 610 | 2 | 0 | |a privatizácia |
| 610 | 2 | 0 | |a elektrárne |
| 610 | 2 | 0 | |a spoločnosti holdingové |
| 610 | 2 | 0 | |a spoločnosti akciové |
| 610 | 2 | 0 | |a banky |
| 610 | 2 | 0 | |a zákony |
| 610 | 2 | 0 | |a úver zahraničný |
| 610 | 2 | 0 | |a Slovensko |
| 100 | 1 | |a Čížik, F. | |